| 000 | 01414cam a22003374a 4500 | ||
|---|---|---|---|
| 001 | 12172933 | ||
| 003 | OSt | ||
| 005 | 20220211101308.0 | ||
| 008 | 000914s2001 flua bf 001 0 eng | ||
| 010 | _a 00046869 | ||
| 020 | _a0849384036 (alk. paper) | ||
| 038 | _akhadija | ||
| 040 |
_aDLC _cDLC _dDLC |
||
| 042 | _apcc | ||
| 050 | 0 | 0 |
_aTJ1075 _b.M567 2001 |
| 082 | 0 | 0 |
_a621.89 _221 _bMOD |
| 100 |
_aeditor-Bharat Bhushan. _988973 |
||
| 245 | 0 | 0 |
_aModern Tribology Handbook Vol 1 / _ceditor-in-chief Bharat Bhushan. |
| 260 |
_aBoca Raton, FL : _bCRC Press, _c2001. |
||
| 300 |
_a2 v. : _bill. ; _c27 cm. |
||
| 440 | 0 |
_aMechanics and materials science series _983674 |
|
| 504 | _aIncludes bibliographical references and index. | ||
| 505 | 0 | _av.. Principles of tribology -- v. 2. Materials, coatings, and industrial applications. | |
| 563 | _aHardcover | ||
| 650 | 0 |
_aTribology _vHandbooks, manuals, etc. _988974 |
|
| 700 | 1 |
_aBhushan, Bharat, _d1949- _983676 |
|
| 856 | 4 | 2 |
_3Publisher description _uhttp://www.loc.gov/catdir/enhancements/fy0646/00046869-d.html |
| 906 |
_a7 _bcbc _corignew _d1 _eocip _f20 _gy-gencatlg |
||
| 942 |
_2ddc _cBK |
||
| 999 |
_c32810 _d32810 |
||